000 00372pab a2200145 454500
008 180718b2003 xxu||||| |||| 00| 0 eng d
100 _aYadav, R.J.
245 _aDisaster management education: importance, methodology and challenges
260 _c2003
300 _ap.6-11,17.
362 _a22 Dec
650 _aDisasters
773 _aUniversity News
909 _a59077
999 _c59077
_d59077